| 000 | 00620nam a2200205 a 4500 | ||
|---|---|---|---|
| 001 | BRCA_6259 | ||
| 005 | 20190320205404.0 | ||
| 008 | 220711s1925----nyu#######---#000-0#eng-# | ||
| 041 | _aeng | ||
| 044 | _anyu | ||
| 050 | 4 |
_aPN6161 _b.C645 1925 |
|
| 100 | 1 |
_aCobb, Irvin S _d1876-1944 _q(Irvin Shrewsbury) _915441 |
|
| 245 | 1 | 0 |
_aMany laughs for many days _banother year’s supply (365) of his favorite stories as told _cby Irvin S. Cobb. |
| 260 |
_aGarden City, N.Y. _bGarden City _c1925 |
||
| 300 |
_a243 p. _c21 cm. |
||
| 500 | _aK122 | ||
| 650 | 1 | 4 |
_aHumorismo estadounidense _910411 |
| 902 | _aGFM | ||
| 942 |
_2lcc _cB |
||
| 999 |
_c5946 _d5946 |
||